Premier League teams 2024/2025 - Statistics

General Stats
  • This quiz has been taken 45 times
  • The average score is 15 of 20
Answer Stats
Position Points Team % Correct
15 42 Manchester United
100%
1 84 Liverpool
97%
3 71 Manchester City
97%
2 74 Arsenal
94%
4 69 Chelsea
91%
17 38 Tottenham Hotspur
88%
5 66 Newcastle United
84%
6 66 Aston Villa
81%
18 25 Leicester
81%
20 12 Southampton
78%
8 61 Brighton
75%
19 22 Ipswich Town
75%
7 65 Nottingham Forest
75%
12 53 Crystal Palace
72%
14 43 West Ham United
69%
9 56 Bournemouth
66%
10 56 Brentford
66%
13 48 Everton
66%
11 54 Fulham
63%
16 42 Wolverhampton Wolves
3%
No matching quizzes found
Score Distribution
Percent of People with Each Score
Percentile by Number Answered
Your Score History
You have not taken this quiz